| 000 | 01656nam a22002177a 4500 | ||
|---|---|---|---|
| 999 |
_c63816 _d63816 |
||
| 003 | Ge_BSU | ||
| 005 | 20260126204832.0 | ||
| 008 | 260126s2025 ge ||||| |||| 00| 0 geo d | ||
| 041 | _ageo | ||
| 080 | _a82 ნ-15 | ||
| 100 |
_aნაგერვაძე, თამთა _926737 |
||
| 245 |
_a"ვეფხისტყაოსნის" ქართული და ინგლისური ვერსიების მხატვრული თარგმანის კორპუსლინგვისტიკური ანალიზი : _bდისერტაცია / _cთამთა ნაგერვაძე; სამეცნიერო ხელმძღვანელი ხათუნა ბერიძე, მარინე გიორგაძე; ბსუ. ჰუმანიტარულ მეცნიერებატა ფაკულტეტი. ევროპეისტიკის დეპარტამენტი. |
||
| 264 |
_aბათუმი, _c2025. |
||
| 300 |
_a229 გვ. ; _b30 სმ. |
||
| 653 | _aდისერტაცია | ||
| 653 | _aფილოლოგია | ||
| 700 |
_aბერიძე, ხათუნა _eსამეცნიერო ხელმძღვანელი _92372 |
||
| 700 |
_aგიორგაძე, მარინე _eსამეცნიერო ხელმძღვანელი _926738 |
||
| 710 |
_aბსუ. _bჰუმანიტარულ მეცნიერებატა ფაკულტეტი. ევროპეისტიკის დეპარტამენტი. _924980 |
||
| 942 |
_2udc _cDS |
||